00471nam a2200205Ia 4500003000900000005001700009008004100026040001300067040001300080041000900093100002600102100000800128245005700136250001200193260002400205260000900229300001100238300001000249490000600259IT-RoPAU20220918175740.0120407s9999 xx 000 0 und d aIT-RoPAU cIT-RoPAU alat  aBenedictus Merkelbach cop. aQuestiones de variis poenitentium categoriis. 3a ed. aLiège aLa Pénsée Cath. c1949 a195 p. c22 cm v1